La historia inconclusa de la subcontratación y el relato de los trabajadores

Guardat en:
Dades bibliogràfiques
Autor principal: Echeverría Tortello, Magdalena (Autor)
Format: Llibre
Idioma:espanyol
Publicat: Santiago Dirección del Trabajo 2010
Matèries:
Etiquetes: Afegir etiqueta
Sense etiquetes, Sigues el primer a etiquetar aquest registre!

MARC

LEADER 00000nam a2200000 a 4500
001 UCG2126
003 CL-VaPUC
008 100617e20100000CL |||||||||||||||||spa|d
082 0 4 |a 344.018  |b ECH  |2 21 
100 0 |a Echeverría Tortello, Magdalena  |e author  |9 550448 
245 1 3 |a La historia inconclusa de la subcontratación y el relato de los trabajadores 
300 |a 184 p 
942 |c BK 
945 |d 20100617 00:00:00  |a dcastane 
260 |a Santiago  |b Dirección del Trabajo  |c 2010 
650 7 |a DERECHO LABORAL  |2 CL-VaPUC  |9 15 
650 7 |a SUBCONTRATACION  |2 CL-VaPUC  |9 502631 
650 7 |a EMPRESAS CONTRATISTAS  |2 CL-VaPUC  |9 550449 
650 7 |a RESPONSABILIDAD SUBSIDIARIA  |2 CL-VaPUC  |9 465686 
650 7 |a PROTECCION LABORAL  |2 CL-VaPUC  |9 550450 
999 |c 341361  |d 341359 
583 |k Rodrigo Vera 
952 |0 0  |1 0  |4 0  |6 344_018000000000000_ECH_2010  |7 0  |8 A  |9 436769  |a BIBHIS  |b BIBHIS  |d 2019-11-22  |i 4685482  |o 344.018 ECH 2010  |p 4685482  |r 2025-01-20  |w 2019-11-22  |y BK  |k HIS 
952 |0 0  |1 0  |4 0  |6 344_018000000000000_ECH_2010  |7 0  |8 A  |9 436770  |a BIBGIM  |b BIBGIM  |d 2019-11-22  |i 4685539  |o 344.018 ECH 2010  |p 4685539  |r 2025-01-15  |w 2019-11-22  |y BK  |k GIM